| 000 | 00632nam a2200205 a 4500 | ||
|---|---|---|---|
| 001 | 604 | ||
| 005 | 20221127090001.0 | ||
| 008 | 050920s lxxu d 00000 eng d | ||
| 020 |
_a1591580757(pbk) : _cSR350.00 |
||
| 035 | _a617 | ||
| 082 | 0 | 4 |
_a020.3 _bD561 2004 |
| 245 | 0 | 0 |
_aDictionary for library and information science / _cJoan M. Reitz. |
| 250 | _a1st ed. | ||
| 260 |
_aWestport, Conn. ; _aLondon : _bLibraries Unlimited, _c2004. |
||
| 300 |
_ax, 788 p. ; _c24 cm. |
||
| 504 | _aIncludes bibl. references. | ||
| 650 | 4 |
_aLibrary science _vDictionaries. |
|
| 650 | 4 |
_aInformation science _vDictionaries. |
|
| 700 | 0 | _aReitz, Joan M. | |
| 999 |
_c604 _d604 |
||